00626nam a2200217Ia 4500008004100000020001700041050001800058050001800076100002200094245003500116245008400151245004100235250001600276260001500292260002900307260000900336300001600345300001600361300001100377500002000388160517s9999 xx 000 0 und d a0-07-1112413 aComSc QA 76.5 b.S29 2005 c.2 aSawyer, Stacey C. aUsing information technology : ba practical introduction to computers & communications : introductory version / cStacey C. Sawyer, Brian K. Williams. a6th Edition aNew York : bMcGraw-Hill Tech. Educ., c2005 a113 pages : bcol. ill. ; c27 cm. aIncludes index.